[Event "Madrid ch-sf B"]
[Site "Madrid ESP"]
[Date "2007.01.27"]
[Round "7.10"]
[White "Sanchez Alarcos, Victor"]
[Black "Rodrigo Yanguas, Maria"]
[Result "0-1"]
[WhiteElo "1876"]
[BlackElo "1969"]
[PlyCount "78"]
[EventDate "2007.01.11"]
[EventType "swiss"]
[EventRounds "9"]
[EventCountry "ESP"]
[Source "lmi"]
[SourceDate "2007.01.11"]

1. e4 c6 2. c4 d5 3. exd5 cxd5 4. cxd5 Nf6 5. Nc3 Nxd5 6. Nf3 g6 7. Qa4+ Bd7 8.
Qb3 Nb6 9. Ng5 e6 10. d4 Bg7 11. Be3 O-O 12. h4 Nc6 13. O-O-O Qe7 14. Nge4 Na5
15. Qc2 Rac8 16. h5 Ba4 17. b3 Bc6 18. Kb2 e5 19. dxe5 Nd5 20. Bc5 Qxe5 21.
Bxf8 Kxf8 22. h6 Bh8 23. Bc4 Nb4 24. Qd2 Nxc4+ 25. bxc4 Bxe4 26. Qd6+ Qxd6 27.
Rxd6 Bxg2 28. Rhd1 Nc6 29. Rd7 Be5 30. Rxb7 Na5 31. Rxa7 Nxc4+ 32. Kb3 Bxc3 33.
Kxc3 Ne3+ 34. Kd2 Nxd1 35. Kxd1 Ra8 36. Rxa8+ Bxa8 37. Kd2 Ke7 38. Ke3 Kf6 39.
f4 Kf5 0-1

[Event "Madrid ch-sf B"]
[Site "Madrid ESP"]
[Date "2007.02.02"]
[Round "8.1"]
[White "Avendaño Mateos, Jose"]
[Black "Sanchez Garcia, Aurelio"]
[Result "1/2-1/2"]
[WhiteElo "1912"]
[BlackElo "2104"]
[PlyCount "73"]
[EventDate "2007.01.11"]
[EventType "swiss"]
[EventRounds "9"]
[EventCountry "ESP"]
[Source "lmi"]
[SourceDate "2007.01.11"]

1. d4 Nf6 2. Nf3 e6 3. Bg5 c5 4. e3 Be7 5. Bd3 O-O 6. O-O b6 7. Nbd2 cxd4 8.
exd4 Bb7 9. c3 d6 10. Qc2 Nbd7 11. Rae1 h6 12. Bh4 Nh5 13. Bxe7 Qxe7 14. Be4
Bxe4 15. Nxe4 Nhf6 16. Nfd2 Nxe4 17. Nxe4 d5 18. Nd2 Qd6 19. Re3 b5 20. a3 a5
21. Rfe1 Nb6 22. Rh3 b4 23. axb4 axb4 24. Ree3 Nc4 25. Re1 Nxd2 26. Qxd2 Rfb8
27. Rg3 Kf8 28. Qd3 Kg8 29. Qe3 Kh8 30. Qf3 Qf8 31. Qf4 Ra2 32. Qc1 bxc3 33.
bxc3 Rba8 34. Qb1 Qb8 35. Qc1 Qb2 36. Qxb2 Rxb2 37. h3 1/2-1/2

[Event "Madrid ch-sf B"]
[Site "Madrid ESP"]
[Date "2007.02.02"]
[Round "8.2"]
[White "Sanz Esteban, Eduardo"]
[Black "Vazquez Gonzalez, Jesus"]
[Result "0-1"]
[WhiteElo "1781"]
[BlackElo "2110"]
[PlyCount "72"]
[EventDate "2007.01.11"]
[EventType "swiss"]
[EventRounds "9"]
[EventCountry "ESP"]
[Source "lmi"]
[SourceDate "2007.01.11"]

1. e4 c6 2. d4 g6 3. c4 Bg7 4. Nc3 d6 5. Nf3 Nf6 6. Be2 O-O 7. O-O Nbd7 8. Re1
e5 9. dxe5 dxe5 10. Qc2 Qe7 11. Be3 Ng4 12. Bg5 f6 13. Bd2 Nc5 14. h3 Nh6 15.
b4 Ne6 16. b5 Nf4 17. Bxf4 exf4 18. bxc6 bxc6 19. Bf1 g5 20. Nd4 Qc5 21. Nb3
Qe5 22. Rad1 g4 23. Nd4 gxh3 24. gxh3 Qg5+ 25. Kh2 Rf7 26. Bg2 Qh5 27. f3 Bf8
28. Qf2 Rg7 29. Nxc6 Bxh3 30. Bxh3 Rg3 31. Qf1 Rxf3 32. Qxf3 Qxf3 33. Rg1+ Kh8
34. Nd5 Bc5 35. Rg2 Qxd1 36. Nxf6 Qd6 0-1

[Event "Madrid ch-sf B"]
[Site "Madrid ESP"]
[Date "2007.02.02"]
[Round "8.3"]
[White "Semprun Martinez, Fernando"]
[Black "Perez Martinez, Jose Manuel"]
[Result "1/2-1/2"]
[WhiteElo "2185"]
[BlackElo "1974"]
[PlyCount "49"]
[EventDate "2007.01.11"]
[EventType "swiss"]
[EventRounds "9"]
[EventCountry "ESP"]
[Source "lmi"]
[SourceDate "2007.01.11"]

1. d4 d5 2. c4 c6 3. cxd5 cxd5 4. Bf4 Nc6 5. e3 Nf6 6. Nc3 a6 7. Bd3 e6 8. Nf3
Be7 9. O-O O-O 10. Rc1 Nh5 11. Ne2 Nxf4 12. Nxf4 Bd6 13. Ne5 Bxe5 14. dxe5 Qg5
15. Bb1 Qxe5 16. Nd3 Qf6 17. Qc2 g6 18. Nf4 d4 19. Qb3 Qg5 20. Be4 dxe3 21.
fxe3 Na5 22. Qa3 Nc6 23. Rc5 Qe7 24. Qc3 Bd7 25. Rc1 1/2-1/2

[Event "Madrid ch-sf B"]
[Site "Madrid ESP"]
[Date "2007.02.02"]
[Round "8.4"]
[White "Collado Barbas, Laura"]
[Black "Alvarez Abejon, Amilcar"]
[Result "1-0"]
[WhiteElo "1828"]
[BlackElo "2086"]
[PlyCount "49"]
[EventDate "2007.01.11"]
[EventType "swiss"]
[EventRounds "9"]
[EventCountry "ESP"]
[Source "lmi"]
[SourceDate "2007.01.11"]

1. d4 Nf6 2. c4 e6 3. Nc3 Bb4 4. Qc2 d5 5. cxd5 exd5 6. Bg5 h6 7. Bh4 g5 8. Bg3
c5 9. e3 Ne4 10. a3 Qa5 11. Nge2 Nc6 12. dxc5 Bf5 13. Qc1 Nxc5 14. axb4 Nd3+
15. Kd2 Qxb4 16. Ra4 Qb6 17. Nxd5 Qd8 18. Qc3 Qxd5 19. Qxh8+ Ke7 20. Qc3 Nc5+
21. Ke1 Nxa4 22. Qa3+ Nc5 23. Nc3 Qd7 24. Qxc5+ Ke8 25. Nd5 1-0

[Event "Madrid ch-sf B"]
[Site "Madrid ESP"]
[Date "2007.02.02"]
[Round "8.5"]
[White "Martin Martin, Luis Vicente"]
[Black "Aziz Ortego, Omar Luis"]
[Result "0-1"]
[WhiteElo "2111"]
[BlackElo "2107"]
[PlyCount "124"]
[EventDate "2007.01.11"]
[EventType "swiss"]
[EventRounds "9"]
[EventCountry "ESP"]
[Source "lmi"]
[SourceDate "2007.01.11"]

1. d4 d5 2. Bf4 c5 3. e3 cxd4 4. exd4 Nc6 5. c3 Nf6 6. Bd3 g6 7. Nd2 Bg7 8.
Ngf3 O-O 9. O-O Nh5 10. Be3 f5 11. Nb3 f4 12. Bd2 Bg4 13. Be2 b6 14. h3 Bd7 15.
Re1 Qc7 16. Ng5 Nf6 17. Bf3 Qc8 18. Qe2 Nd8 19. c4 h6 20. cxd5 hxg5 21. Rac1
Qb8 22. Bb4 Nf7 23. Bxe7 Re8 24. Qd3 Kh7 25. d6 Nxd6 26. Bxa8 Rxe7 27. Rxe7
Qxa8 28. Nd2 Qd8 29. Ree1 Bc8 30. Nf3 Kh6 31. Ne5 Bf5 32. Qa3 Kh7 33. Qxa7 Nd5
34. Nc6 Qf6 35. Ne7 Nb4 36. Nxf5 Nxf5 37. Rc4 Nd3 38. Re2 f3 39. Rd2 Nf4 40.
Qd7 fxg2 41. Rc6 Nxd4 42. Rxd4 Qxd4 43. Qxd4 Bxd4 44. b3 Kh6 45. a4 g4 46. hxg4
Kg5 47. Rc4 Kh4 48. Rxd4 Ne2+ 49. Kxg2 Nxd4 50. b4 Kxg4 51. a5 b5 52. a6 Nc6
53. f3+ Kf4 54. Kf2 g5 55. Ke2 Ke5 56. Kf2 Kd4 57. Kg3 Kc4 58. Kg4 Kxb4 59.
Kxg5 Ka5 60. f4 Kxa6 61. f5 b4 62. f6 Nd8 0-1

[Event "Madrid ch-sf B"]
[Site "Madrid ESP"]
[Date "2007.02.02"]
[Round "8.6"]
[White "Lopez de Turiso, Jose Angel"]
[Black "Rodrigo Yanguas, Maria"]
[Result "1/2-1/2"]
[WhiteElo "2171"]
[BlackElo "1969"]
[PlyCount "52"]
[EventDate "2007.01.11"]
[EventType "swiss"]
[EventRounds "9"]
[EventCountry "ESP"]
[Source "lmi"]
[SourceDate "2007.01.11"]

1. e4 e6 2. c4 d5 3. cxd5 exd5 4. exd5 Nf6 5. Bb5+ Nbd7 6. Nc3 Be7 7. Nf3 O-O
8. d4 a6 9. Bxd7 Qxd7 10. Ne5 Qd6 11. Qf3 Qb4 12. O-O Qxd4 13. Re1 Bd6 14. Bf4
Re8 15. Rad1 Qb4 16. Nd3 Bg4 17. Qxg4 Nxg4 18. Nxb4 Bxf4 19. h3 Nf6 20. Nd3 Bd6
21. g3 Kf8 22. Kg2 Rxe1 23. Rxe1 Re8 24. Rxe8+ Kxe8 25. Kf3 Ke7 26. Ke3 Nd7
1/2-1/2

[Event "Madrid ch-sf B"]
[Site "Madrid ESP"]
[Date "2007.02.02"]
[Round "8.7"]
[White "Sanchez Delgado, Lidia"]
[Black "Rosa Ramirez, Victor D"]
[Result "1/2-1/2"]
[WhiteElo "2036"]
[BlackElo "1922"]
[PlyCount "41"]
[EventDate "2007.01.11"]
[EventType "swiss"]
[EventRounds "9"]
[EventCountry "ESP"]
[Source "lmi"]
[SourceDate "2007.01.11"]

1. e4 e6 2. d4 d5 3. exd5 exd5 4. Bd3 Nf6 5. h3 h6 6. Nf3 Bd6 7. O-O O-O 8. Ne5
c5 9. c3 Nc6 10. Nxc6 bxc6 11. Nd2 Re8 12. b3 cxd4 13. cxd4 Bd7 14. Bb2 Ne4 15.
Nxe4 dxe4 16. Bc4 Qh4 17. f4 Bxh3 18. gxh3 Qg3+ 19. Kh1 Qxh3+ 20. Kg1 Qg3+ 21.
Kh1 1/2-1/2

[Event "Madrid ch-sf B"]
[Site "Madrid ESP"]
[Date "2007.02.02"]
[Round "8.8"]
[White "Garcia Serrano, Jose Manuel"]
[Black "Vazquez Torres, Adrian"]
[Result "0-1"]
[WhiteElo "1914"]
[BlackElo "1702"]
[PlyCount "159"]
[EventDate "2007.01.11"]
[EventType "swiss"]
[EventRounds "9"]
[EventCountry "ESP"]
[Source "lmi"]
[SourceDate "2007.01.11"]

1. e4 c5 2. d4 cxd4 3. c3 Nf6 4. e5 Nd5 5. cxd4 e6 6. Nc3 Bb4 7. Bd2 Nxc3 8.
bxc3 Be7 9. Qg4 g6 10. h4 h5 11. Qg3 Nc6 12. Bd3 Rg8 13. Ne2 d6 14. f4 b6 15.
Qf2 dxe5 16. fxe5 Nxe5 17. Bb5+ Bd7 18. dxe5 Bxb5 19. Rf1 Rg7 20. Bh6 Rh7 21.
Rd1 Qc7 22. Qf4 Qc4 23. Qxc4 Bxc4 24. Bg5 Bxg5 25. hxg5 Rh8 26. Rf4 Bxe2 27.
Kxe2 Ke7 28. Rdf1 Rhf8 29. Kd3 Rad8+ 30. Kc2 Rd5 31. Re4 Rfd8 32. Rf2 R8d7 33.
c4 Rd4 34. Rfe2 Rxe4 35. Rxe4 Rc7 36. Kb3 Rc5 37. a4 a6 38. Kb4 Kd7 39. Re3 Kc6
40. Re2 b5 41. axb5+ axb5 42. cxb5+ Rxb5+ 43. Kc4 Ra5 44. Kb4 Rd5 45. Kc4 Kd7
46. Kc3 Ke8 47. Kc4 Ke7 48. Kc3 Kd7 49. Kc4 Kc6 50. g3 Kb6 51. Rb2+ Kc6 52. Re2
Kd7 53. Re3 Ke7 54. Re2 Rd1 55. Ra2 Re1 56. Kd4 Rd1+ 57. Ke4 Re1+ 58. Kf4 Rf1+
59. Ke4 Rf5 60. Ra3 Rxg5 61. Kf4 Rg4+ 62. Kf3 Kf8 63. Ra2 Kg7 64. Ra3 Rg5 65.
Kf4 Rf5+ 66. Ke4 Kh6 67. Rb3 Kg5 68. Rb2 Kg4 69. Rb3 Rf1 70. Rc3 Re1+ 71. Kd4
Rg1 72. Rc7 Rf1 73. Rc3 Rf3 74. Rc7 Kxg3 75. Ke4 Rf5 76. Rc3+ Kg4 77. Rc1 h4
78. Rg1+ Kh5 79. Kd4 h3 80. Ke4 0-1

[Event "Madrid ch-sf B"]
[Site "Madrid ESP"]
[Date "2007.02.02"]
[Round "8.10"]
[White "Cuadrado Lopez, Francisco Javier"]
[Black "Valderrama Arroyo, Victor"]
[Result "1-0"]
[WhiteElo "1976"]
[BlackElo "1843"]
[PlyCount "57"]
[EventDate "2007.01.11"]
[EventType "swiss"]
[EventRounds "9"]
[EventCountry "ESP"]
[Source "lmi"]
[SourceDate "2007.01.11"]

1. e4 c5 2. d3 Nc6 3. g3 g6 4. Bg2 Bg7 5. f4 e6 6. Nf3 Nge7 7. c3 O-O 8. Be3 b6
9. O-O Bb7 10. d4 cxd4 11. cxd4 d5 12. e5 Nf5 13. Bf2 Ba6 14. Re1 Rc8 15. Nc3
Na5 16. Rc1 Nc4 17. Qe2 b5 18. b3 Na3 19. Qd2 Re8 20. Bf1 Qb6 21. g4 Nh6 22. h3
Bf8 23. Bh4 Bb4 24. f5 Bxc3 25. Qxh6 Bxd4+ 26. Kg2 Bc5 27. Ng5 Qb7 28. f6 d4+
29. Kh2 1-0

[Event "Madrid ch-sf B"]
[Site "Madrid ESP"]
[Date "2007.02.03"]
[Round "9.1"]
[White "Perez Martinez, Jose Manuel"]
[Black "Vazquez Gonzalez, Jesus"]
[Result "1-0"]
[WhiteElo "1974"]
[BlackElo "2110"]
[PlyCount "79"]
[EventDate "2007.01.11"]
[EventType "swiss"]
[EventRounds "9"]
[EventCountry "ESP"]
[Source "lmi"]
[SourceDate "2007.01.11"]

1. e4 g6 2. d4 Bg7 3. c3 c6 4. Nf3 d5 5. exd5 cxd5 6. Bd3 Nh6 7. Bf4 Nc6 8. h3
Nf5 9. Nbd2 h5 10. Nb3 Nd6 11. Qc2 Bf5 12. Bxf5 Nxf5 13. Nc5 Rc8 14. Qa4 b6 15.
Nd3 f6 16. O-O-O Qd7 17. Nb4 g5 18. Be3 Bh6 19. Nc2 h4 20. Kb1 Nd6 21. Na3 Kf7
22. Rhe1 Qf5+ 23. Qc2 Ne4 24. Qd3 Na5 25. Ka1 Qd7 26. Qb5 Qd6 27. Nb1 Nc4 28.
Nfd2 Nxe3 29. fxe3 Nf2 30. Rc1 g4 31. Qe2 Qg3 32. hxg4 Nxg4 33. Nf1 Qf2 34.
Qxg4 Rcg8 35. Re2 Qg1 36. Qh5+ Kf8 37. Qxd5 Rh7 38. Rce1 Rhg7 39. Ng3 Qh2 40.
Nf5 1-0

[Event "Madrid ch-sf B"]
[Site "Madrid ESP"]
[Date "2007.02.03"]
[Round "9.2"]
[White "Sanchez Garcia, Aurelio"]
[Black "Collado Barbas, Laura"]
[Result "1/2-1/2"]
[WhiteElo "2104"]
[BlackElo "1828"]
[PlyCount "91"]
[EventDate "2007.01.11"]
[EventType "swiss"]
[EventRounds "9"]
[EventCountry "ESP"]
[Source "lmi"]
[SourceDate "2007.01.11"]

1. e4 c6 2. d4 d5 3. exd5 cxd5 4. Bd3 Nc6 5. c3 Nf6 6. Bf4 Bg4 7. Qb3 Qd7 8.
Nd2 e6 9. Ngf3 Bd6 10. Bg3 Bxg3 11. hxg3 Bxf3 12. Nxf3 a6 13. O-O O-O 14. Rae1
b5 15. Qd1 Qc7 16. g4 Nxg4 17. Bxh7+ Kh8 18. Bb1 Rae8 19. Ne5 Ncxe5 20. dxe5 f5
21. Qd4 Qe7 22. f3 Nh6 23. g3 Qg5 24. Qf4 Qxf4 25. gxf4 Rc8 26. Kf2 Nf7 27. Bd3
Rc6 28. Ke3 Kg8 29. Rg1 Nd8 30. a4 bxa4 31. Ra1 Nb7 32. Rxa4 Nc5 33. Rb4 Rfc8
34. Ra1 Kf7 35. Bc2 R8c7 36. Ba4 Nxa4 37. Rbxa4 Ra7 38. Kd4 Ke7 39. Rh1 Rb7 40.
Rh2 Rbc7 41. Rh7 Kf7 42. Rh8 Rb7 43. Ra2 Rc4+ 44. Ke3 Ra7 45. Ra5 Rc6 46. Rb8
1/2-1/2

[Event "Madrid ch-sf B"]
[Site "Madrid ESP"]
[Date "2007.02.03"]
[Round "9.3"]
[White "Aziz Ortego, Omar Luis"]
[Black "Semprun Martinez, Fernando"]
[Result "1-0"]
[WhiteElo "2107"]
[BlackElo "2185"]
[PlyCount "92"]
[EventDate "2007.01.11"]
[EventType "swiss"]
[EventRounds "9"]
[EventCountry "ESP"]
[Source "lmi"]
[SourceDate "2007.01.11"]

1. e4 c5 2. Nc3 Nc6 3. g3 g6 4. Bg2 Bg7 5. f4 d6 6. d3 e6 7. Nf3 Nge7 8. O-O
O-O 9. Be3 b6 10. d4 Ba6 11. Re1 cxd4 12. Nxd4 Nxd4 13. Bxd4 Bxd4+ 14. Qxd4 Qc7
15. Rad1 Rfd8 16. Rd2 Qc5 17. Red1 Nc8 18. b3 Kf8 19. e5 Qxd4+ 20. Rxd4 d5 21.
Ne4 Ne7 22. Nf6 Nf5 23. Ra4 Bb5 24. Rb4 Be8 25. Kf2 Rac8 26. Rd2 Rc3 27. Bf1
Rdc8 28. Bd3 h6 29. a4 Ne7 30. Ke3 Nc6 31. Rd4 a5 32. g4 Nxd4 33. Kxd4 R3c5 34.
h4 Ke7 35. Rf2 Bc6 36. Bf5 exf5 37. gxf5 g5 38. hxg5 hxg5 39. Rh2 Bb7 40. Rh7
Rf8 41. Rg7 Rcc8 42. Nh7 Rh8 43. e6 Rxh7 44. Rxh7 Rf8 45. Ke5 g4 46. f6+ Ke8
1-0

[Event "Madrid ch-sf B"]
[Site "Madrid ESP"]
[Date "2007.02.03"]
[Round "9.4"]
[White "Alvarez Abejon, Amilcar"]
[Black "Avendaño Mateos, Jose"]
[Result "0-1"]
[WhiteElo "2086"]
[BlackElo "1912"]
[PlyCount "102"]
[EventDate "2007.01.11"]
[EventType "swiss"]
[EventRounds "9"]
[EventCountry "ESP"]
[Source "lmi"]
[SourceDate "2007.01.11"]

1. d4 d5 2. c4 c6 3. Nf3 Nf6 4. e3 Bg4 5. Qb3 Qb6 6. c5 Qc7 7. Ne5 Bf5 8. Nc3
Nbd7 9. f4 Ne4 10. Nxe4 Bxe4 11. Bd3 Bxd3 12. Qxd3 f6 13. Nxd7 Qxd7 14. f5 e5
15. fxe6 Qxe6 16. O-O g6 17. Qb3 Qe7 18. e4 dxe4 19. Bf4 Qf7 20. Rae1 f5 21.
Qxf7+ Kxf7 22. Be5 Bg7 23. Rxe4 Bxe5 24. Rxe5 Rhe8 25. Rd1 Rad8 26. Rxe8 Kxe8
27. Kf2 Ke7 28. b4 Rd7 29. Ke3 g5 30. h4 h6 31. hxg5 hxg5 32. Rh1 Kf6 33. Rh6+
Kg7 34. Re6 Kf7 35. Rh6 Kg7 36. Re6 a6 37. a3 Kf7 38. Rh6 Re7+ 39. Kf3 Kg7 40.
Rd6 Kf7 41. d5 cxd5 42. Rxd5 Ke6 43. Rd1 Rd7 44. Rxd7 Kxd7 45. Ke3 Ke6 46. Kd4
g4 47. a4 f4 48. b5 f3 49. gxf3 gxf3 50. Ke3 Kd5 51. b6 Kxc5 0-1

[Event "Madrid ch-sf B"]
[Site "Madrid ESP"]
[Date "2007.02.03"]
[Round "9.5"]
[White "Lopez de Turiso, Jose Angel"]
[Black "Sanz Esteban, Eduardo"]
[Result "1-0"]
[WhiteElo "2171"]
[BlackElo "1781"]
[PlyCount "61"]
[EventDate "2007.01.11"]
[EventType "swiss"]
[EventRounds "9"]
[EventCountry "ESP"]
[Source "lmi"]
[SourceDate "2007.01.11"]

1. e4 e5 2. Bc4 Nf6 3. d3 Nc6 4. Nc3 Be7 5. f4 d6 6. Nf3 Bg4 7. h3 Bxf3 8. Qxf3
Nd4 9. Qf2 Nh5 10. Bxf7+ Kxf7 11. fxe5+ Ke8 12. Qxd4 Bh4+ 13. Kd1 Ng3 14. Re1
Rf8 15. exd6 cxd6 16. e5 Nf5 17. Qa4+ Kf7 18. Qb3+ Ke8 19. exd6+ Bxe1 20. Qe6+
Ne7 21. dxe7 Qxe7 22. Qxe7+ Kxe7 23. Kxe1 Rae8 24. Be3 Kf6 25. Kd2 Kg6 26. Bxa7
b6 27. Bxb6 Rb8 28. Bc5 Rf5 29. b4 Rg5 30. g4 h5 31. Be7 1-0

[Event "Madrid ch-sf B"]
[Site "Madrid ESP"]
[Date "2007.02.03"]
[Round "9.6"]
[White "Marcos Herreros, Francisco"]
[Black "Sanchez Delgado, Lidia"]
[Result "0-1"]
[WhiteElo "1959"]
[BlackElo "2036"]
[PlyCount "80"]
[EventDate "2007.01.11"]
[EventType "swiss"]
[EventRounds "9"]
[EventCountry "ESP"]
[Source "lmi"]
[SourceDate "2007.01.11"]

1. e4 c5 2. Nc3 Nc6 3. g3 g6 4. Bg2 Bg7 5. d3 d6 6. f4 e6 7. Nf3 Nge7 8. O-O
O-O 9. Be3 Nd4 10. e5 Nef5 11. Bf2 Nxf3+ 12. Qxf3 Nd4 13. Qd1 dxe5 14. fxe5
Bxe5 15. Ne4 f5 16. Nxc5 Qc7 17. b4 Bg7 18. Rb1 a5 19. c3 Nb5 20. Qb3 Nxc3 21.
Rbe1 a4 22. Qc4 b5 23. Qh4 Rb8 24. Nxe6 Bxe6 25. Rxe6 Qd7 26. Re7 Qxd3 27. Rfe1
Rf7 28. Qf4 Rbf8 29. Bf1 Qd8 30. Rxf7 Rxf7 31. Bc5 Ne4 32. Bxb5 Bd4+ 33. Kf1 g5
34. Qc1 Bxc5 35. bxc5 Nd2+ 36. Kg2 Qd5+ 37. Kf2 Qd4+ 38. Kg2 f4 39. Re8+ Kg7
40. Qe1 f3+ 0-1

[Event "Madrid ch-sf B"]
[Site "Madrid ESP"]
[Date "2007.02.03"]
[Round "9.7"]
[White "Rodrigo Yanguas, Maria"]
[Black "Cuadrado Lopez, Francisco Javier"]
[Result "1-0"]
[WhiteElo "1969"]
[BlackElo "1976"]
[PlyCount "79"]
[EventDate "2007.01.11"]
[EventType "swiss"]
[EventRounds "9"]
[EventCountry "ESP"]
[Source "lmi"]
[SourceDate "2007.01.11"]

1. e4 e5 2. Nf3 Nc6 3. Bb5 a6 4. Bxc6 dxc6 5. O-O Bd6 6. d4 Bg4 7. dxe5 Bxf3 8.
Qxf3 Bxe5 9. Nd2 g6 10. Nc4 Bg7 11. Bf4 Qe7 12. Rad1 Nf6 13. Bg5 Qe6 14. Na5
O-O 15. Bxf6 Qxf6 16. Qxf6 Bxf6 17. Rd7 Bxb2 18. Rxc7 Rfe8 19. Rxb7 Bc3 20.
Nxc6 Rac8 21. Ne7+ Rxe7 22. Rxe7 Bf6 23. Ra7 Rc6 24. Rd1 Rxc2 25. Rxa6 Kg7 26.
h3 Be7 27. f3 Bc5+ 28. Kh1 Be3 29. a4 Bf4 30. Rb1 h5 31. a5 g5 32. Ra8 Rc6 33.
a6 g4 34. hxg4 hxg4 35. g3 Bxg3 36. Kg2 Bf4 37. fxg4 Rc3 38. Ra1 Rg3+ 39. Kf2
Be5 40. Ra4 1-0

[Event "Madrid ch-sf B"]
[Site "Madrid ESP"]
[Date "2007.02.03"]
[Round "9.8"]
[White "Rosa Ramirez, Victor D"]
[Black "Vazquez Torres, Adrian"]
[Result "0-1"]
[WhiteElo "1922"]
[BlackElo "1702"]
[PlyCount "139"]
[EventDate "2007.01.11"]
[EventType "swiss"]
[EventRounds "9"]
[EventCountry "ESP"]
[Source "lmi"]
[SourceDate "2007.01.11"]

1. e4 c5 2. c3 Nc6 3. d4 cxd4 4. cxd4 Nf6 5. e5 Nd5 6. Nc3 e6 7. Nf3 Be7 8. a3
O-O 9. Bd3 Qb6 10. O-O f5 11. Nxd5 exd5 12. Kh1 d6 13. exd6 Bxd6 14. b4 a5 15.
Qb3 Be6 16. Ng5 Nxd4 17. Qa2 Bf7 18. Nxf7 Rxf7 19. Qxd5 Qc7 20. Bb2 Nc6 21. Bc4
Raf8 22. Qxf5 axb4 23. axb4 Nxb4 24. Qg4 Kh8 25. Bxf7 Rxf7 26. Ra8+ Rf8 27.
Rxf8+ Bxf8 28. Qf5 Qd6 29. h4 Kg8 30. Qe5 Qh6 31. g3 Qc6+ 32. Kh2 Nd3 33. Qc3
Nxb2 34. Qxb2 Qf3 35. Qa2+ Kh8 36. Re1 h6 37. Re2 b5 38. Kg1 b4 39. Re3 Qc6 40.
Qb3 Qc1+ 41. Kg2 Qc6+ 42. Rf3 Be7 43. Qf7 Bf6 44. h5 Qe4 45. Qg6 Qb7 46. Qe8+
Kh7 47. Qe3 Kh8 48. Qd3 Qc6 49. Qf5 b3 50. Kh2 Qc2 51. Rd3 Qc4 52. Qd5 Qxd5 53.
Rxd5 b2 54. Rb5 Kg8 55. Rb7 Kf8 56. Kh3 Ke8 57. Kg4 Kd8 58. Kf5 Kc8 59. Rb3 Kd7
60. f4 Kd6 61. g4 Kc5 62. g5 hxg5 63. fxg5 Kc4 64. Rb8 Bc3 65. Ke4 Bb4 66. Rc8+
Kb3 67. h6 b1=Q+ 68. Kf4 Qf1+ 69. Kg4 Qg2+ 70. Kf5 0-1

[Event "Madrid ch-sf B"]
[Site "Madrid ESP"]
[Date "2007.02.03"]
[Round "9.9"]
[White "Sanchez Alarcos, Victor"]
[Black "Garcia Serrano, Jose Manuel"]
[Result "1-0"]
[WhiteElo "1876"]
[BlackElo "1914"]
[PlyCount "105"]
[EventDate "2007.01.11"]
[EventType "swiss"]
[EventRounds "9"]
[EventCountry "ESP"]
[Source "lmi"]
[SourceDate "2007.01.11"]

1. e4 e5 2. Nf3 Nc6 3. Bb5 a6 4. Ba4 Nf6 5. O-O Nxe4 6. d4 exd4 7. Re1 d5 8.
Nxd4 Bd6 9. Nxc6 Bxh2+ 10. Kh1 Qh4 11. Rxe4+ dxe4 12. Qd8+ Qxd8 13. Nxd8+ Kxd8
14. Kxh2 Be6 15. Bf4 c5 16. c3 Ke7 17. Nd2 f5 18. g4 h6 19. gxf5 Bxf5 20. Nxe4
b5 21. Bc2 g5 22. Bd6+ Kf7 23. Bxc5 Kg6 24. f3 Rhe8 25. Bb3 Rad8 26. Bd4 h5 27.
Rg1 g4 28. Ng3 Bc8 29. fxg4 hxg4 30. Rf1 Rf8 31. Bc2+ Kh6 32. Nf5+ Bxf5 33.
Rxf5 Rxf5 34. Bxf5 Kg5 35. Bc2 Kf4 36. Kg2 Re8 37. Bd3 Re1 38. Kf2 Re6 39. Ba7
g3+ 40. Kg2 Kg4 41. c4 Re7 42. Bb6 Re6 43. c5 Re3 44. Bf1 Re1 45. c6 Rc1 46.
Be2+ Kf4 47. Bc7+ Ke3 48. Bf3 Rc2+ 49. Kxg3 Rxb2 50. Bb6+ Kd2 51. Be4 Rxa2 52.
c7 Ra3+ 53. Kf4 1-0